00970nam a2200253 a 4500001001000000003000900010005001700019008004100036040002500077082002700102100003100129240004800160245006100208250001200269260006100281300004200342500003800384500006300422500004300485500002800528600006100556650004900617651005000666000021638DO-SdBNP20250621074006.0100909t1994 dr abc 001 0bspa d aDO-SdBNPbspacBNPHU a923.17293bT866D, 19941 aDiederich, Bernard,d1927-10aTrujillo : the death of the goatlespañol10aTrujillo :bla muerte del dictador /cBernard Diederich. a4ª ed. aSanto Domingo :bFundación Cultural Dominicana,c1994. a260 p. :bil., mapa, retrs. ;c22 cm. aIncluye cronología de Trujillo. aIncluye datos biográficos del autor en la contraportada. aIncluye notas al pie de las páginas. aTraducido del inglés.10aTrujillo Molina, Rafael Leónidas, d1891-1961xMuerte 4aHomicidio políticozRepública Dominicana 0aRepública DominicanaxPolítica y gobierno